Países que terminam com "ia" - Statistics

Estatísticas Gerais
  • Esse quiz foi jogado 293 vezes
    286 desde o último reset
  • A pontuação média é 42 de 57
Estatísticas das Respostas
Continente País % Correto
Oceania Austrália
89%
América do Sul Bolívia
88%
América do Sul Colômbia
88%
Ásia Rússia
86%
Europa Rússia
86%
Europa Finlândia
85%
Oceania Nova Zelândia
82%
Europa Itália
81%
Europa Áustria
80%
Europa Croácia
80%
Europa Eslovênia
80%
Europa Lituânia
80%
Ásia Turquia
80%
Europa Turquia
80%
Europa Romênia
79%
Europa Ucrânia
79%
Europa Albânia
78%
Europa Estônia
78%
Ásia Índia
78%
Europa Letônia
78%
Europa Polônia
78%
África Argélia
77%
Europa Bulgária
77%
Europa Hungria
77%
Europa Islândia
77%
Europa Eslováquia
76%
Europa Suécia
76%
África Zâmbia
76%
Europa Grécia
75%
Ásia Indonésia
75%
África Líbia
75%
Ásia Armênia
74%
Europa Armênia
74%
Europa Sérvia
74%
África Tunísia
74%
África Namíbia
72%
África Nigéria
72%
Europa Moldávia
70%
África Somália
70%
Ásia Malásia
69%
Ásia Síria
68%
Ásia Tailândia
68%
África Tanzânia
68%
Oceania Estados Federados da Micronésia
67%
Ásia Mongólia
67%
África Quênia
67%
África Etiópia
66%
Ásia Geórgia
66%
Europa Geórgia
66%
África Libéria
66%
Europa Bielorrússia
65%
África Mauritânia
65%
África Gâmbia
64%
Ásia Jordânia
63%
África Eritreia
62%
América Central Santa Lúcia
58%
África Maurícia
49%
Nenhum quiz correspondente encontrado
Distribuição das Pontuações
Porcentagem de Pessoas com Cada Pontuação
Percentil de Números Respondidos
Sua Pontuação Histórica
Você não jogou esse quiz desde o último reset